| 000 | 00480nam a2200157Ia 4500 | ||
|---|---|---|---|
| 008 | 240729s9999 xx 000 0 und d | ||
| 022 | _a2656-4602 | ||
| 245 | 0 | _aIndonesian Journal of Community Health Nursing | |
| 260 | _aIndonesia | ||
| 260 | _bDep. Keperawatan Jiwa Gerontik dan Komunitas Fak. Keperawatan Univ. Airlangga | ||
| 650 | _a Nursing | ||
| 650 | _aMedicine | ||
| 856 | _uhttps://doaj.org/toc/955d1de1dcea4bc6a08edaeff57b884e | ||
| 942 | _2ddc | ||
| 942 | _cDOAJEJ | ||
| 999 |
_c68403 _d68403 |
||
| 945 |
_a1 _bMadushi Gamage _c1 _dMadushi Gamage |
||